• 首页
  • 本馆介绍
  • 公告通知
  • 最新文献
  • 馆藏检索
  • 电子资源
  • 读者导购
  • 参考咨询
  • 我的图书馆
  • 登录
  • 详细信息显示
  • 放入我的书架
  • 预约/预借图书
  • 作者相关作品
  • 分类相关作品
  • 丛书相关作品
  • 出版社相关作品

书目信息

  • 表格格式
  • 工作单格式
  • 卡片格式
题名:
小儿触摸健身法
    
 
作者: 施仁潮 , 周丽娟 编著
分册:  
出版信息: 北京   农村读物出版社  2001
页数: 96页
开本: 19×21cm
丛书名: 生活百味
单 册:
中图分类: R174
科图分类:
主题词: 婴幼儿--按摩--基本知识 , CT--S089634--婴幼儿 , CT--S000849--按摩
电子资源:
ISBN: 7-5048-3436-X
000 01035oam2 2200301 45
001 012001096530
005 20070110161758.31
010    @a7-5048-3436-X@dCNY20.00
035    @a(011001)c2001091850
092    @aCN@b179809
100    @a20011202d2001 em y0chiy0110 ea
101 0  @achi
102    @aCN@b110000
105    @aa z 000yy
200 1  @a小儿触摸健身法@Axiao er chu mo jian shen fa@f施仁潮,周丽娟编著@Fshi ren chao, zhou li juan bian zhu
210    @a北京@c农村读物出版社@d2001
215    @a96页@c彩照@d19×21cm
225 2  @a生活百味
330    @a本书分触摸好处多、在触摸中成长、触摸祛病痛三个部分,全书以彩色照片为主,共300幅,直观明了,配用文字通俗讲解,内容贴近生活实际,以冀成为小儿祛病健身的优秀科普读物。
461  0 @12001 @a生活百味
606 0  @a婴幼儿@x按摩@x基本知识
606 0  @2CT@3S089634@a婴幼儿
606 0  @2CT@3S000849@a按摩
690    @aR174@v4
701  0 @a施仁潮@Ashi ren chao@4编著
701  0 @a周丽娟@Azhou li juan@4编著
801  0 @aCN@bNLC@c20070110
905    @a10447@dR174@e141
    
    小儿触摸健身法/施仁潮,周丽娟编著.-北京:农村读物出版社,2001
    96页:彩照;19×21cm.-(生活百味)
    
    
    ISBN 7-5048-3436-X:CNY20.00
    本书分触摸好处多、在触摸中成长、触摸祛病痛三个部分,全书以彩色照片为主,共300幅,直观明了,配用文字通俗讲解,内容贴近生活实际,以冀成为小儿祛病健身的优秀科普读物。
●
相关链接 在E读中查询图书 在五车中查询图书 在当当中查询图书 在豆瓣中查询图书


正题名:小儿触摸健身法     索取号:R174/141         预约/预借

序号 登录号 条形码 馆藏地/架位号 状态 备注
1 0556657   205566573   第二样本阅览室/ [索取号:R174/141] 在馆    
2 0556658   205566582   教育系资料室/ [索取号:R174/141] 在馆    
3 0556659   205566591   教育系资料室/ [索取号:R174/141] 在馆    
4 0556660   205566608   第三借阅区/ [索取号:R174/141] 在馆    
5 0556661   205566617   教育系资料室/ [索取号:R174/141] 在馆    
6 0556662   205566626   第三借阅区/ [索取号:R174/141] 在馆    
7 0556663   205566635   教育系资料室/ [索取号:R174/141] 在馆    
8 0556664   205566644   第三借阅区/ [索取号:R174/141] 在馆    
唐山师范学院图书馆 欢迎您!
大连网信软件有限公司© 版权所有